| 000 | 00875nam a2200229 a 4500 | ||
|---|---|---|---|
| 999 |
_c12185 _d12185 |
||
| 001 | 12185 | ||
| 003 | BD-JhCC | ||
| 005 | 20210323100543.0 | ||
| 008 | 200329s19982019b |||| ||a| 000 0 ben d | ||
| 020 | _a9844651441 | ||
| 035 | _a(BD-JhCC)12185 | ||
| 040 |
_aBD-JhCC _dBD-JhCC |
||
| 041 | _abengali | ||
| 082 |
_a923.1 _bJAM 2019 |
||
| 100 | _aজামিল,শাফায়াত | ||
| 245 |
_aএকাত্তরের মুক্তিযুদ্ধ রক্তাক্ত মধ্য-আগস্ট ও ষড়যন্ত্রয়ম নভেম্বর / _cশাফায়াত জামিল । |
||
| 260 |
_aঢাকা: _bসাহিত্য প্রকাশ; _c২০১৯. |
||
| 300 |
_a১৫১পৃ. : _c২০ সেমি. |
||
| 650 |
_aBiography _zBangladesh Muktti zuddho |
||
| 942 |
_2ddc _cBK |
||